| 000 | 00505 a2200133 4500 | ||
|---|---|---|---|
| 001 | ART_34258 | ||
| 005 | 20260410161721.0 | ||
| 008 | 260409a | ||
| 245 | 1 | 0 | _aEl conocimiento y la comunicación de la dimensión natural dentro de una perspectiva de la especialidad contable socio-ambiental |
| 100 | 1 | _aGeba, Norma Beatriz | |
| 700 | 1 | _aBifaretti, Marcela Claudia | |
| 700 | 1 | _aSebastián, Mónica P. | |
| 773 | 0 |
_tContabilidad y auditoría _g- Año 21, Nº 41 (jun. 2015) _wREV1723 |
|
| 999 |
_c16978 _d16978 |
||